00325nam a2200109Ia 4500008004100000082000800041100001600049245003200065942000600097952009700103999001500200240331s9999 xx 000 0 und d bIND aIndhumathi, 0aPoomikku vantha churiyankal cL 001040708LaWERCLbWERCLcSSCd2024-03-31l0o 305.4 INDp3600r2024-03-31w2024-03-31yL c1662d1662